[Event "DEM U18w 2022"]
[Site "Willingen GER"]
[Date "2022.06.09"]
[Round "7"]
[White "Bardorz, Jana"]
[Black "Heutling, Elina"]
[Result "1-0"]
[Termination "normal"]
[Board "1"]
[WhiteElo "1974"]
[BlackElo "1798"]
[WhiteClock "00:29:36"]
[BlackClock "00:00:35"]
[PlyCount "81"]
[WhiteFideId "16208897"]
[BlackFideId "16244729"]
[EventCountry "GER"]
[EventRounds "9"]
[EventType "swiss"]
[EventDate "2022.06.04"]

1. e4 {[%clk 1:30:57]} d5 {[%clk 1:30:51]} 2. exd5 {[%clk 1:31:18]} Qxd5 {[%clk
1:31:16]} 3. Nc3 {[%clk 1:31:37]} Qd8 {[%clk 1:31:38]} 4. d4 {[%clk 1:29:53]}
Nf6 {[%clk 1:30:24]} 5. Bc4 {[%clk 1:28:50]} c6 {[%clk 1:25:00]} 6. Nf3 {[%clk
1:27:34]} Bf5 {[%clk 1:22:11]} 7. O-O {[%clk 1:24:22]} e6 {[%clk 1:20:11]} 8.
Re1 {[%clk 1:20:50]} Be7 {[%clk 1:19:07]} 9. Bf4 {[%clk 1:18:14]} O-O {[%clk
1:16:59]} 10. Qd2 {[%clk 1:14:33]} Nbd7 {[%clk 1:11:43]} 11. h3 {[%clk
1:12:45]} Nb6 {[%clk 1:06:06]} 12. Bf1 {[%clk 1:10:11]} Nbd5 {[%clk 1:01:18]}
13. Bh2 {[%clk 1:08:04]} Nxc3 {[%clk 0:49:15]} 14. bxc3 {[%clk 1:00:46]} Qa5
{[%clk 0:40:38]} 15. Bd3 {[%clk 0:52:28]} Bxd3 {[%clk 0:34:12]} 16. Qxd3 {[%clk
0:50:28]} c5 {[%clk 0:32:12]} 17. Reb1 {[%clk 0:45:51]} c4 {[%clk 0:24:13]} 18.
Qxc4 {[%clk 0:42:44]} Rfc8 {[%clk 0:23:18]} 19. Qb3 {[%clk 0:41:09]} b6 {[%clk
0:21:57]} 20. c4 {[%clk 0:39:56]} Ne4 {[%clk 0:20:18]} 21. Qd3 {[%clk 0:35:58]}
f5 {[%clk 0:17:23]} 22. Ne5 {[%clk 0:29:23]} Bf6 {[%clk 0:06:08]} 23. a4 {[%clk
0:22:42]} Qc3 {[%clk 0:03:48]} 24. Qxc3 {[%clk 0:15:29]} Nxc3 {[%clk 0:04:16]}
25. Re1 {[%clk 0:14:37]} Bxe5 {[%clk 0:02:15]} 26. Rxe5 {[%clk 0:13:15]} Rxc4
{[%clk 0:02:41]} 27. Rxe6 {[%clk 0:12:47]} Kf7 {[%clk 0:02:24]} 28. Rae1 {[%clk
0:11:42]} Ne4 {[%clk 0:02:33]} 29. d5 {[%clk 0:11:41]} Rxc2 {[%clk 0:02:08]}
30. f3 {[%clk 0:11:35]} Nf6 {[%clk 0:02:22]} 31. Re7+ {[%clk 0:10:31]} Kg6
{[%clk 0:02:07]} 32. d6 {[%clk 0:09:35]} a5 {[%clk 0:00:56]} 33. Rc7 {[%clk
0:03:49]} Rd2 {[%clk 0:00:48]} 34. Ree7 {[%clk 0:03:36]} Rd1+ {[%clk 0:00:57]}
35. Kf2 {[%clk 0:03:55]} Re8 {[%clk 0:01:00]} 36. Rxg7+ {[%clk 0:03:19]} Kh5
{[%clk 0:01:04]} 37. Bf4 {[%clk 0:01:51]} h6 {[%clk 0:01:33]} 38. Rcf7 {[%clk
0:01:32]} Re6 {[%clk 0:01:29]} 39. Re7 {[%clk 0:00:43]} Rxe7 {[%clk 0:01:07]}
40. dxe7 {[%clk 0:01:07]} Rb1 {[%clk 0:00:35]} 41. Be5 {[%clk 0:29:36]} 1-0

[Event "DEM U18w 2022"]
[Site "Willingen GER"]
[Date "2022.06.09"]
[Round "7"]
[White "Rudolph, Eva"]
[Black "Dietz, Kristin"]
[Result "1-0"]
[Termination "normal"]
[Board "2"]
[WhiteElo "1860"]
[BlackElo "1739"]
[WhiteClock "00:25:46"]
[BlackClock "00:44:31"]
[PlyCount "117"]
[WhiteFideId "16200594"]
[BlackFideId "12993743"]
[EventCountry "GER"]
[EventRounds "9"]
[EventType "swiss"]
[EventDate "2022.06.04"]

1. e4 {[%clk 1:30:58]} c6 {[%clk 1:30:51]} 2. d4 {[%clk 1:31:20]} d5 {[%clk
1:31:16]} 3. Nc3 {[%clk 1:31:43]} dxe4 {[%clk 1:31:34]} 4. Nxe4 {[%clk
1:32:03]} Nf6 {[%clk 1:31:55]} 5. Nxf6+ {[%clk 1:32:21]} exf6 {[%clk 1:32:19]}
6. c3 {[%clk 1:32:12]} Bd6 {[%clk 1:32:36]} 7. Bd3 {[%clk 1:32:13]} O-O {[%clk
1:32:55]} 8. Qc2 {[%clk 1:31:22]} Re8+ {[%clk 1:33:10]} 9. Ne2 {[%clk 1:31:45]}
h5 {[%clk 1:33:34]} 10. O-O {[%clk 1:24:08]} h4 {[%clk 1:33:35]} 11. h3 {[%clk
1:19:47]} Nd7 {[%clk 1:31:53]} 12. f4 {[%clk 1:06:17]} Nf8 {[%clk 1:30:41]} 13.
f5 {[%clk 1:05:38]} Nh7 {[%clk 1:24:34]} 14. Nf4 {[%clk 1:01:50]} Ng5 {[%clk
1:11:26]} 15. Nh5 {[%clk 0:53:29]} Nh7 {[%clk 0:53:17]} 16. Qf2 {[%clk
0:50:15]} Bxf5 {[%clk 0:46:07]} 17. Qxf5 {[%clk 0:44:44]} g6 {[%clk 0:44:49]}
18. Nxf6+ {[%clk 0:41:39]} Nxf6 {[%clk 0:44:01]} 19. Qxf6 {[%clk 0:41:57]} Qxf6
{[%clk 0:44:15]} 20. Rxf6 {[%clk 0:42:16]} Re1+ {[%clk 0:44:26]} 21. Rf1 {[%clk
0:42:25]} Rae8 {[%clk 0:44:37]} 22. Bg5 {[%clk 0:40:43]} Rxa1 {[%clk 0:44:29]}
23. Rxa1 {[%clk 0:41:06]} Bg3 {[%clk 0:44:51]} 24. Rf1 {[%clk 0:40:59]} Kg7 25.
Bf6+ {[%clk 0:40:43]} Kh6 {[%clk 0:43:20]} 26. Bc4 {[%clk 0:40:42]} g5 {[%clk
0:42:29]} 27. Be5 {[%clk 0:35:30]} Bxe5 {[%clk 0:42:10]} 28. dxe5 {[%clk
0:35:48]} Rxe5 {[%clk 0:42:35]} 29. Rf6+ {[%clk 0:36:00]} Kg7 {[%clk 0:42:51]}
30. Rxf7+ {[%clk 0:36:19]} Kg6 {[%clk 0:43:15]} 31. Rxb7 {[%clk 0:36:14]} a5
{[%clk 0:41:59]} 32. Rc7 {[%clk 0:34:21]} Rc5 {[%clk 0:42:00]} 33. Bb3 {[%clk
0:34:37]} Kf5 {[%clk 0:41:54]} 34. Kf2 {[%clk 0:34:27]} Kf4 {[%clk 0:41:35]}
35. Rf7+ {[%clk 0:33:44]} Ke5 {[%clk 0:41:29]} 36. Ke3 {[%clk 0:32:24]} Rb5
{[%clk 0:41:10]} 37. Rg7 {[%clk 0:31:32]} Kf6 {[%clk 0:41:14]} 38. Rc7 {[%clk
0:31:18]} a4 {[%clk 0:40:32]} 39. Bxa4 {[%clk 0:25:10]} Rxb2 {[%clk 0:40:54]}
40. Bxc6 {[%clk 0:24:48]} Rxa2 {[%clk 0:41:15]} 41. Be4 {[%clk 0:24:42]} Ra1
{[%clk 0:40:25]} 42. Rc6+ {[%clk 0:24:53]} Ke5 {[%clk 0:40:25]} 43. Rc5+ {[%clk
0:25:18]} Kf6 44. Rf5+ {[%clk 0:25:35]} Ke6 {[%clk 0:41:26]} 45. Rxg5 {[%clk
0:25:52]} Re1+ {[%clk 0:41:41]} 46. Kd4 {[%clk 0:26:12]} Rd1+ {[%clk 0:41:55]}
47. Bd3 {[%clk 0:26:16]} Rd2 {[%clk 0:42:03]} 48. c4 {[%clk 0:26:25]} Kd6
{[%clk 0:42:08]} 49. c5+ {[%clk 0:26:30]} Kc6 {[%clk 0:42:30]} 50. Rg6+ {[%clk
0:26:52]} Kc7 {[%clk 0:42:56]} 51. Kc4 {[%clk 0:26:44]} Rd1 {[%clk 0:42:55]}
52. Rg7+ {[%clk 0:26:57]} Kd8 {[%clk 0:43:21]} 53. Be4 {[%clk 0:26:57]} Rc1+
{[%clk 0:43:36]} 54. Kb5 Re1 {[%clk 0:43:51]} 55. Bf3 {[%clk 0:26:11]} Re5
{[%clk 0:44:08]} 56. Kb6 {[%clk 0:25:30]} Re1 {[%clk 0:44:10]} 57. c6 {[%clk
0:25:21]} Rb1+ {[%clk 0:44:31]} 58. Kc5 {[%clk 0:25:46]} Rc1+ {[%clk 0:44:31]}
59. Kd6 {[%clk 0:25:46]} 1-0

[Event "DEM U18w 2022"]
[Site "Willingen GER"]
[Date "2022.06.09"]
[Round "7"]
[White "Wagner, Julia"]
[Black "Basovskiy, Jana"]
[Result "0-1"]
[Termination "normal"]
[Board "5"]
[WhiteElo "1361"]
[BlackElo "1938"]
[WhiteClock "00:25:30"]
[BlackClock "00:19:11"]
[PlyCount "66"]
[WhiteFideId "16259351"]
[BlackFideId "16208617"]
[EventCountry "GER"]
[EventRounds "9"]
[EventType "swiss"]
[EventDate "2022.06.04"]

1. e4 {[%clk 1:30:58]} c5 {[%clk 1:30:56]} 2. Nf3 {[%clk 1:31:23]} e6 {[%clk
1:31:23]} 3. g3 {[%clk 1:31:48]} Nc6 {[%clk 1:31:48]} 4. Bg2 {[%clk 1:32:12]}
Nf6 {[%clk 1:32:12]} 5. Nc3 {[%clk 1:31:33]} d6 {[%clk 1:32:16]} 6. O-O {[%clk
1:31:49]} Be7 {[%clk 1:32:37]} 7. Re1 {[%clk 1:30:36]} O-O {[%clk 1:28:08]} 8.
d4 {[%clk 1:25:32]} cxd4 {[%clk 1:24:55]} 9. Nxd4 {[%clk 1:25:57]} Bd7 {[%clk
1:23:29]} 10. b3 Qb6 {[%clk 1:08:56]} 11. Nce2 {[%clk 1:07:41]} d5 {[%clk
0:56:27]} 12. exd5 {[%clk 1:04:43]} Nxd5 {[%clk 0:55:11]} 13. c4 {[%clk
0:58:37]} Nf6 {[%clk 0:48:19]} 14. Be3 {[%clk 0:53:58]} Bc5 {[%clk 0:44:48]}
15. Qd3 {[%clk 0:51:08]} Ne5 {[%clk 0:38:03]} 16. Qc2 {[%clk 0:46:05]} Neg4
{[%clk 0:38:03]} 17. Qd3 Nxe3 {[%clk 0:27:13]} 18. fxe3 {[%clk 0:40:22]} e5
{[%clk 0:26:56]} 19. Nc2 {[%clk 0:40:26]} a5 {[%clk 0:25:06]} 20. Nc3 {[%clk
0:38:54]} Rad8 {[%clk 0:24:43]} 21. Nd5 {[%clk 0:35:46]} Nxd5 {[%clk 0:24:53]}
22. Qxd5 {[%clk 0:35:26]} Bf5 {[%clk 0:24:05]} 23. Qxb7 {[%clk 0:32:35]} Qxb7
{[%clk 0:21:39]} 24. Bxb7 {[%clk 0:32:55]} Bxc2 {[%clk 0:22:06]} 25. Bd5 {[%clk
0:32:45]} a4 {[%clk 0:21:14]} 26. Rac1 {[%clk 0:30:50]} axb3 {[%clk 0:21:31]}
27. axb3 {[%clk 0:30:40]} Bxb3 {[%clk 0:21:48]} 28. Rb1 {[%clk 0:27:55]} Rb8
{[%clk 0:21:03]} 29. Kg2 {[%clk 0:27:45]} g6 {[%clk 0:19:06]} 30. e4 {[%clk
0:27:38]} Kg7 {[%clk 0:19:05]} 31. g4 {[%clk 0:27:37]} Ba4 {[%clk 0:18:54]} 32.
Ra1 {[%clk 0:26:41]} Rb2+ {[%clk 0:19:10]} 33. Kh3 {[%clk 0:25:30]} Bd7 {[%clk
0:19:11]} 0-1

[Event "DEM U18w 2022"]
[Site "Willingen GER"]
[Date "2022.06.09"]
[Round "7"]
[White "Kosak, Karolina"]
[Black "Albayrak, Nese Pinar"]
[Result "1/2-1/2"]
[Termination "normal"]
[Board "9"]
[WhiteElo "1471"]
[BlackElo "1683"]
[WhiteClock "00:01:02"]
[BlackClock "00:00:49"]
[PlyCount "69"]
[WhiteFideId "14640503"]
[BlackFideId "16255259"]
[EventCountry "GER"]
[EventRounds "9"]
[EventType "swiss"]
[EventDate "2022.06.04"]

1. e4 {[%clk 1:30:57]} e5 {[%clk 1:30:57]} 2. Nf3 {[%clk 1:31:19]} Nc6 {[%clk
1:31:21]} 3. Nc3 {[%clk 1:29:50]} Nf6 {[%clk 1:31:27]} 4. d4 {[%clk 1:29:57]}
exd4 {[%clk 1:29:49]} 5. Nxd4 {[%clk 1:30:19]} Bb4 {[%clk 1:30:01]} 6. Nxc6
{[%clk 1:30:36]} bxc6 {[%clk 1:22:41]} 7. Bd3 {[%clk 1:30:43]} O-O {[%clk
1:09:25]} 8. O-O {[%clk 1:30:32]} h6 {[%clk 1:05:46]} 9. h3 {[%clk 1:28:47]}
Re8 {[%clk 1:04:06]} 10. Qf3 {[%clk 1:27:50]} d5 {[%clk 0:52:58]} 11. exd5
{[%clk 1:27:30]} cxd5 {[%clk 0:51:27]} 12. Bf4 {[%clk 1:26:37]} Bb7 {[%clk
0:45:41]} 13. Ne2 {[%clk 1:03:50]} c5 {[%clk 0:38:00]} 14. c3 {[%clk 0:53:15]}
Ba5 {[%clk 0:37:21]} 15. Bc2 {[%clk 0:52:25]} Qb6 {[%clk 0:25:52]} 16. Rab1
{[%clk 0:21:26]} d4 {[%clk 0:23:45]} 17. Qd3 {[%clk 0:20:00]} Qc6 {[%clk
0:15:44]} 18. f3 {[%clk 0:18:01]} c4 {[%clk 0:12:01]} 19. Qf5 {[%clk 0:16:04]}
Rxe2 {[%clk 0:10:38]} 20. Bd1 {[%clk 0:15:52]} d3 {[%clk 0:07:55]} 21. Qxa5
{[%clk 0:14:18]} Re7 {[%clk 0:06:53]} 22. b3 {[%clk 0:13:54]} Nd5 {[%clk
0:04:11]} 23. Bd2 {[%clk 0:13:58]} Qb6+ {[%clk 0:02:04]} 24. Qxb6 {[%clk
0:12:35]} axb6 {[%clk 0:01:32]} 25. bxc4 {[%clk 0:12:05]} Rxa2 {[%clk 0:00:55]}
26. cxd5 {[%clk 0:10:39]} Rxd2 {[%clk 0:01:23]} 27. d6 {[%clk 0:07:38]} Rd7
{[%clk 0:01:18]} 28. Rxb6 {[%clk 0:07:23]} Ra2 {[%clk 0:01:33]} 29. c4 {[%clk
0:05:22]} Ba6 {[%clk 0:00:44]} 30. Rf2 {[%clk 0:00:58]} Ra1 {[%clk 0:00:51]}
31. Rd2 {[%clk 0:00:55]} Bxc4 {[%clk 0:01:15]} 32. Kf2 {[%clk 0:00:37]} f6
{[%clk 0:01:21]} 33. Bb3 {[%clk 0:00:38]} Bxb3 {[%clk 0:00:39]} 34. Rxb3 {[%clk
0:01:04]} Rxd6 {[%clk 0:00:49]} 35. Rbxd3 {[%clk 0:01:02]} 1/2-1/2

[Event "DEM U18w 2022"]
[Site "Willingen GER"]
[Date "2022.06.10"]
[Round "8"]
[White "Dartmann Aubanell, Catriona"]
[Black "Bardorz, Jana"]
[Result "1-0"]
[Termination "normal"]
[Board "1"]
[WhiteElo "1872"]
[BlackElo "1974"]
[WhiteClock "00:37:59"]
[BlackClock "00:16:25"]
[PlyCount "97"]
[WhiteFideId "24585270"]
[BlackFideId "16208897"]
[EventCountry "GER"]
[EventRounds "9"]
[EventType "swiss"]
[EventDate "2022.06.04"]

1. e4 {[%clk 1:30:57]} e5 {[%clk 1:30:55]} 2. Nf3 {[%clk 1:31:18]} Nc6 {[%clk
1:31:18]} 3. Bb5 {[%clk 1:31:41]} a6 {[%clk 1:31:42]} 4. Ba4 {[%clk 1:31:59]}
Nf6 {[%clk 1:31:52]} 5. d3 {[%clk 1:31:34]} d6 {[%clk 1:32:07]} 6. c3 {[%clk
1:31:48]} g6 {[%clk 1:32:12]} 7. O-O {[%clk 1:31:19]} Bg7 {[%clk 1:32:21]} 8.
Re1 {[%clk 1:26:27]} O-O {[%clk 1:32:17]} 9. Nbd2 {[%clk 1:21:43]} Nd7 {[%clk
1:31:56]} 10. Nf1 {[%clk 1:19:30]} Nc5 {[%clk 1:29:27]} 11. Bc2 {[%clk
1:19:29]} Ne6 {[%clk 1:29:40]} 12. Be3 {[%clk 1:13:38]} f5 {[%clk 1:25:37]} 13.
d4 {[%clk 1:07:48]} fxe4 {[%clk 1:18:12]} 14. Bxe4 {[%clk 1:07:19]} d5 {[%clk
1:17:40]} 15. Bc2 {[%clk 1:04:48]} e4 {[%clk 1:16:08]} 16. N3d2 {[%clk
1:03:29]} Ne7 {[%clk 1:03:48]} 17. f3 {[%clk 0:58:50]} exf3 {[%clk 1:00:52]}
18. Nxf3 {[%clk 0:59:16]} Nf5 {[%clk 0:57:04]} 19. Qd2 {[%clk 0:56:20]} Nxe3
{[%clk 0:51:55]} 20. Nxe3 {[%clk 0:56:29]} Nf4 {[%clk 0:50:04]} 21. Rf1 {[%clk
0:46:46]} Bh6 {[%clk 0:44:52]} 22. Kh1 {[%clk 0:41:10]} Be6 {[%clk 0:42:48]}
23. Rae1 {[%clk 0:39:53]} Qf6 {[%clk 0:40:55]} 24. Qf2 {[%clk 0:34:33]} Rae8
{[%clk 0:39:10]} 25. Qg3 {[%clk 0:31:24]} Kh8 {[%clk 0:22:22]} 26. Ne5 {[%clk
0:23:51]} Nh5 {[%clk 0:17:46]} 27. Nxg6+ {[%clk 0:21:29]} hxg6 {[%clk 0:15:01]}
28. Qxg6 {[%clk 0:21:52]} Qxg6 {[%clk 0:14:10]} 29. Bxg6 {[%clk 0:22:20]} Bxe3
{[%clk 0:04:49]} 30. Bxe8 {[%clk 0:22:11]} Rxf1+ {[%clk 0:04:02]} 31. Rxf1
{[%clk 0:22:39]} Nf4 {[%clk 0:03:57]} 32. g3 {[%clk 0:17:43]} Bf5 {[%clk
0:02:21]} 33. Rxf4 {[%clk 0:17:40]} Be4+ {[%clk 0:02:40]} 34. Rxe4 {[%clk
0:18:04]} dxe4 {[%clk 0:03:07]} 35. Bg6 {[%clk 0:18:17]} Bc1 {[%clk 0:03:19]}
36. Bxe4 {[%clk 0:18:33]} Bxb2 {[%clk 0:03:27]} 37. Bxb7 {[%clk 0:18:38]} Bxc3
{[%clk 0:03:29]} 38. Bxa6 {[%clk 0:18:49]} Bxd4 {[%clk 0:03:53]} 39. a4 {[%clk
0:17:51]} Kg7 {[%clk 0:04:07]} 40. Kg2 {[%clk 0:17:44]} Kf6 {[%clk 0:04:14]}
41. Kf3 {[%clk 0:17:34]} Ke5 {[%clk 0:01:14]} 42. g4 {[%clk 0:13:52]} Bc3
{[%clk 0:30:05]} 43. g5 {[%clk 0:42:57]} Bd2 {[%clk 0:24:19]} 44. h4 {[%clk
0:42:21]} c5 {[%clk 0:23:50]} 45. g6 {[%clk 0:40:19]} Bh6 {[%clk 0:19:44]} 46.
a5 {[%clk 0:38:20]} Kd4 {[%clk 0:15:42]} 47. Bb5 {[%clk 0:37:30]} c4 {[%clk
0:15:59]} 48. Bxc4 {[%clk 0:37:36]} Kxc4 {[%clk 0:16:25]} 49. a6 {[%clk
0:37:59]} 1-0

[Event "DEM U18w 2022"]
[Site "Willingen GER"]
[Date "2022.06.10"]
[Round "8"]
[White "Rudolph, Eva"]
[Black "Falke, Ornella"]
[Result "0-1"]
[Termination "normal"]
[Board "2"]
[WhiteElo "1860"]
[BlackElo "1872"]
[WhiteClock "00:01:19"]
[BlackClock "00:12:19"]
[PlyCount "154"]
[WhiteFideId "16200594"]
[BlackFideId "16207092"]
[EventCountry "GER"]
[EventRounds "9"]
[EventType "swiss"]
[EventDate "2022.06.04"]

1. e4 {[%clk 1:30:57]} c5 {[%clk 1:30:52]} 2. Nf3 {[%clk 1:31:17]} d6 {[%clk
1:31:13]} 3. d4 {[%clk 1:31:37]} cxd4 {[%clk 1:31:37]} 4. Nxd4 {[%clk 1:32:00]}
Nf6 {[%clk 1:31:56]} 5. Nc3 {[%clk 1:32:24]} a6 {[%clk 1:32:18]} 6. Be2 {[%clk
1:32:22]} e5 {[%clk 1:32:40]} 7. Nb3 {[%clk 1:32:39]} Be7 {[%clk 1:32:57]} 8.
Bg5 {[%clk 1:32:41]} Be6 {[%clk 1:32:40]} 9. Bxf6 {[%clk 1:29:34]} Bxf6 {[%clk
1:32:59]} 10. Qd3 {[%clk 1:16:05]} Be7 {[%clk 1:26:04]} 11. O-O {[%clk
1:12:23]} Nd7 {[%clk 1:25:31]} 12. Rad1 {[%clk 1:08:28]} Rc8 {[%clk 1:15:26]}
13. Rfe1 {[%clk 0:59:38]} O-O {[%clk 1:14:49]} 14. Bf3 {[%clk 0:44:21]} Kh8
{[%clk 1:10:35]} 15. Nd2 {[%clk 0:41:24]} Qb6 {[%clk 1:01:04]} 16. b3 {[%clk
0:36:18]} Qc5 {[%clk 0:58:54]} 17. Ndb1 {[%clk 0:34:03]} b5 {[%clk 0:57:31]}
18. a3 {[%clk 0:28:28]} Rfd8 {[%clk 0:51:23]} 19. Re2 {[%clk 0:27:56]} Nf6
{[%clk 0:50:37]} 20. h3 {[%clk 0:24:23]} g6 {[%clk 0:48:05]} 21. Qd2 {[%clk
0:21:16]} Kg7 {[%clk 0:47:23]} 22. Nd5 {[%clk 0:16:27]} Nxd5 {[%clk 0:45:27]}
23. exd5 {[%clk 0:16:55]} Bd7 {[%clk 0:45:29]} 24. c3 {[%clk 0:14:05]} f5
{[%clk 0:43:46]} 25. Ree1 {[%clk 0:14:29]} h6 {[%clk 0:43:22]} 26. Be2 {[%clk
0:13:52]} Bh4 {[%clk 0:42:18]} 27. Bf1 {[%clk 0:13:56]} Rf8 {[%clk 0:41:36]}
28. c4 {[%clk 0:11:24]} Qc7 {[%clk 0:41:26]} 29. Qe3 {[%clk 0:11:08]} Rce8
{[%clk 0:37:06]} 30. cxb5 {[%clk 0:10:41]} axb5 {[%clk 0:37:23]} 31. Qc3 {[%clk
0:09:35]} Qb6 {[%clk 0:35:09]} 32. Qe3 {[%clk 0:09:54]} Qd8 {[%clk 0:35:25]}
33. Nc3 {[%clk 0:08:42]} Qa5 {[%clk 0:29:15]} 34. Ra1 {[%clk 0:07:20]} Bg5
{[%clk 0:29:21]} 35. Qd3 {[%clk 0:06:41]} e4 {[%clk 0:29:10]} 36. Qc2 {[%clk
0:05:33]} Rc8 {[%clk 0:29:06]} 37. b4 {[%clk 0:05:21]} Qc7 {[%clk 0:29:21]} 38.
Rac1 {[%clk 0:04:45]} Bxc1 {[%clk 0:27:59]} 39. Rxc1 {[%clk 0:05:14]} Qb6
{[%clk 0:27:27]} 40. Qb2 {[%clk 0:04:57]} Qd4 {[%clk 0:27:15]} 41. Rc2 {[%clk
0:22:01]} Rb8 {[%clk 0:53:30]} 42. Rd2 {[%clk 0:21:36]} Qe5 43. a4 {[%clk
0:20:43]} bxa4 {[%clk 0:53:39]} 44. b5 {[%clk 0:20:47]} Rfc8 {[%clk 0:53:25]}
45. Rc2 {[%clk 0:14:18]} Rc5 {[%clk 0:50:50]} 46. b6 {[%clk 0:13:20]} Kf6
{[%clk 0:42:57]} 47. Qb4 {[%clk 0:11:16]} Bc8 {[%clk 0:40:21]} 48. Qb2 {[%clk
0:05:57]} Bb7 {[%clk 0:38:10]} 49. Qb4 {[%clk 0:06:08]} Bxd5 {[%clk 0:37:14]}
50. Nxd5+ {[%clk 0:06:32]} Qxd5 {[%clk 0:36:54]} 51. Rd2 {[%clk 0:06:16]} Rxb6
{[%clk 0:31:20]} 52. Qxb6 {[%clk 0:04:46]} Qxd2 {[%clk 0:31:45]} 53. Qd8+
{[%clk 0:05:05]} Ke5 {[%clk 0:31:45]} 54. Qe7+ {[%clk 0:05:05]} Kd5 {[%clk
0:31:45]} 55. Qf7+ {[%clk 0:05:41]} Kc6 {[%clk 0:15:43]} 56. Qe8+ {[%clk
0:05:41]} Kb6 {[%clk 0:15:43]} 57. Qd8+ {[%clk 0:05:41]} Kc6 {[%clk 0:15:43]}
58. Qe8+ {[%clk 0:05:41]} Kd5 {[%clk 0:15:43]} 59. Qf7+ {[%clk 0:05:41]} Kd4
{[%clk 0:15:43]} 60. Qf6+ {[%clk 0:05:46]} Re5 {[%clk 0:15:46]} 61. Qxd6+
{[%clk 0:05:38]} Rd5 {[%clk 0:16:09]} 62. Qf6+ {[%clk 0:04:54]} Kc5 {[%clk
0:16:32]} 63. Qe7+ {[%clk 0:04:54]} Kb6 {[%clk 0:16:32]} 64. Qf6+ {[%clk
0:04:54]} Rd6 {[%clk 0:16:32]} 65. Qe5 {[%clk 0:04:54]} Qb4 {[%clk 0:15:01]}
66. Qe8 {[%clk 0:03:09]} Qc5 {[%clk 0:13:26]} 67. Qb8+ {[%clk 0:03:07]} Ka5
{[%clk 0:13:51]} 68. Qa8+ {[%clk 0:03:07]} Kb4 {[%clk 0:13:51]} 69. Qb7+ {[%clk
0:03:07]} Qb6 {[%clk 0:13:51]} 70. Qf7 {[%clk 0:02:49]} Qd4 {[%clk 0:14:10]}
71. Qb7+ {[%clk 0:02:45]} Ka3 {[%clk 0:13:22]} 72. Qb1 {[%clk 0:02:22]} Qb2
{[%clk 0:13:40]} 73. Qe1 {[%clk 0:02:34]} Rc6 {[%clk 0:13:07]} 74. Qd1 {[%clk
0:01:45]} Rc1 {[%clk 0:12:39]} 75. Qd6+ {[%clk 0:01:54]} Ka2 {[%clk 0:12:35]}
76. Qa6 {[%clk 0:01:52]} Qb3 {[%clk 0:12:03]} 77. Qxg6 {[%clk 0:01:19]} Rxf1+
{[%clk 0:12:19]} 0-1

[Event "DEM U18w 2022"]
[Site "Willingen GER"]
[Date "2022.06.10"]
[Round "8"]
[White "Heutling, Elina"]
[Black "Schneider, Katharina"]
[Result "1-0"]
[Termination "normal"]
[Board "3"]
[WhiteElo "1798"]
[BlackElo "1810"]
[WhiteClock "00:07:28"]
[BlackClock "00:24:44"]
[PlyCount "113"]
[WhiteFideId "16244729"]
[BlackFideId "16200519"]
[EventCountry "GER"]
[EventRounds "9"]
[EventType "swiss"]
[EventDate "2022.06.04"]

1. e4 {[%clk 1:30:59]} e5 {[%clk 1:30:52]} 2. Nf3 {[%clk 1:31:21]} Nc6 {[%clk
1:31:17]} 3. Bb5 {[%clk 1:31:48]} a6 {[%clk 1:31:41]} 4. Ba4 {[%clk 1:32:12]}
Nf6 {[%clk 1:31:54]} 5. d3 {[%clk 1:32:00]} b5 {[%clk 1:32:16]} 6. Bb3 {[%clk
1:32:24]} Bc5 {[%clk 1:32:37]} 7. Nc3 {[%clk 1:32:43]} d6 {[%clk 1:29:32]} 8.
Nd5 {[%clk 1:32:23]} h6 {[%clk 1:23:42]} 9. c3 {[%clk 1:31:06]} Ba7 {[%clk
1:20:40]} 10. O-O {[%clk 1:25:25]} O-O {[%clk 1:08:07]} 11. h3 {[%clk 1:17:18]}
Na5 {[%clk 1:06:29]} 12. Bc2 {[%clk 1:09:20]} c5 {[%clk 1:01:57]} 13. a4 {[%clk
0:58:45]} Nc6 {[%clk 0:57:46]} 14. axb5 {[%clk 0:56:37]} axb5 {[%clk 0:58:08]}
15. Bb3 {[%clk 0:51:19]} c4 {[%clk 0:51:08]} 16. Nxf6+ {[%clk 0:36:23]} Qxf6
{[%clk 0:50:51]} 17. Ba2 {[%clk 0:29:43]} Be6 {[%clk 0:33:04]} 18. Be3 {[%clk
0:26:26]} Rfd8 {[%clk 0:19:04]} 19. Bb1 {[%clk 0:21:35]} Qg6 {[%clk 0:15:09]}
20. Kh1 {[%clk 0:17:47]} Bxe3 {[%clk 0:05:23]} 21. Rxa8 {[%clk 0:18:08]} Rxa8
{[%clk 0:05:49]} 22. fxe3 {[%clk 0:18:30]} Ra1 {[%clk 0:06:08]} 23. d4 {[%clk
0:12:28]} exd4 {[%clk 0:05:31]} 24. exd4 {[%clk 0:11:56]} Qg3 {[%clk 0:03:33]}
25. d5 {[%clk 0:04:32]} Bxh3 {[%clk 0:03:57]} 26. Qe2 {[%clk 0:03:18]} Ne5
{[%clk 0:02:38]} 27. Nxe5 {[%clk 0:03:06]} dxe5 {[%clk 0:02:59]} 28. gxh3
{[%clk 0:02:54]} Qxh3+ {[%clk 0:03:22]} 29. Kg1 {[%clk 0:03:15]} Qg3+ {[%clk
0:03:35]} 30. Qg2 {[%clk 0:03:10]} Qe3+ {[%clk 0:03:17]} 31. Kh2 {[%clk
0:03:07]} Ra6 {[%clk 0:02:29]} 32. Qf2 {[%clk 0:02:40]} Qxf2+ {[%clk 0:01:59]}
33. Rxf2 {[%clk 0:03:08]} f6 {[%clk 0:01:00]} 34. Kg3 {[%clk 0:03:13]} Kf7
{[%clk 0:01:09]} 35. Bc2 {[%clk 0:02:08]} g6 {[%clk 0:00:55]} 36. Kf3 {[%clk
0:01:33]} h5 {[%clk 0:01:05]} 37. Rd2 {[%clk 0:01:05]} Ke7 {[%clk 0:01:04]} 38.
Ke3 {[%clk 0:00:58]} Kd6 {[%clk 0:00:45]} 39. Rg2 {[%clk 0:01:03]} g5 {[%clk
0:01:10]} 40. Bd1 {[%clk 0:01:02]} h4 {[%clk 0:01:32]} 41. Rf2 {[%clk 0:22:54]}
Ke7 {[%clk 0:31:37]} 42. Kf3 {[%clk 0:18:34]} Ra1 {[%clk 0:27:47]} 43. Rd2
{[%clk 0:18:40]} Ra6 {[%clk 0:27:24]} 44. Kg4 {[%clk 0:18:32]} Rd6 {[%clk
0:27:07]} 45. Be2 {[%clk 0:17:03]} Ra6 {[%clk 0:24:07]} 46. Kf5 {[%clk
0:11:48]} Rd6 {[%clk 0:24:07]} 47. Bg4 {[%clk 0:10:37]} Kf7 {[%clk 0:24:19]}
48. Rd1 {[%clk 0:10:28]} Kg7 {[%clk 0:23:36]} 49. Ra1 {[%clk 0:10:38]} Kf7
{[%clk 0:23:41]} 50. Ra7+ {[%clk 0:10:32]} Kf8 {[%clk 0:23:48]} 51. Kg6 {[%clk
0:08:42]} Ke8 {[%clk 0:23:50]} 52. Be6 {[%clk 0:08:24]} Kd8 {[%clk 0:23:52]}
53. Kxf6 {[%clk 0:07:31]} h3 {[%clk 0:24:17]} 54. Kxe5 {[%clk 0:07:36]} Rb6
{[%clk 0:24:12]} 55. d6 {[%clk 0:07:10]} Rxd6 {[%clk 0:24:19]} 56. Kxd6 {[%clk
0:07:28]} h2 {[%clk 0:24:44]} 57. Ra4 1-0